| 000 | 00828nac a22002291u 4500 | ||
|---|---|---|---|
| 010 | _a00055039 | ||
| 020 | _a0073659398 (alk. paper) | ||
| 020 | _a0071232702 | ||
| 082 | 0 | 0 |
_a621.815 _bS5555 |
| 090 |
_c4898 _d4898 |
||
| 100 | _aShigley, Joseph Edward | ||
| 245 | 1 | 0 |
_aMechanical engineering design / _cJoseph Edward Shigley, Charles R. Mischke, Richard G. Budynas. |
| 250 | _a7th ed. | ||
| 260 |
_aBoston, Mass. : _bMcGraw Hill,2004 _c2004. |
||
| 300 |
_axxiii, 1030 p. : _bill. ; _c26 cm. |
||
| 500 | _aIncludes index. | ||
| 650 | 0 | _aMachine design. | |
| 700 | 1 | _aMischke, Charles R. | |
| 700 | 1 | _aBudynas, Richard G. | |
| 942 |
_cTB _k621.815S5555 |
||
| 999 |
_c4898 _d4898 |
||